Statistics for Real Madrid Opponents In UEFA Champions League

Click here to take the quiz!

General Stats

  • This quiz has been taken 1,540 times
    (285 since last reset)
  • The average score is 57 of 109

Answer Stats

TeamCountryGWDLLast% Correct
Bayern MunichGermany28123112024
100%
AC MilanItaly156362011
99%
Inter MilanItaly137152022
99%
AFC AjaxNetherlands148152019
98%
Borussia DortmundGermany146532018
98%
FC PortoPortugal129122004
98%
JuventusItaly2310382018
98%
Manchester CityEngland123542024
98%
Manchester UnitedEngland104422013
98%
Paris Saint-GermainFrance84222022
98%
Liverpool FCEngland117132023
96%
FC BarcelonaSpain83322011
95%
Atletico MadridSpain94212017
94%
AS RomaItaly128132019
93%
LyonFrance103432012
93%
SSC NapoliItaly65102024
92%
ChelseaEngland63122023
90%
Galatasaray SKTurkey86022020
90%
SL BenficaPortugal31021965
89%
MarseilleFrance44002010
88%
Dynamo KyivUkraine104512007
87%
Sporting CPPortugal43102017
85%
OlympiacosGreece84312008
82%
ArsenalEngland20112006
81%
Tottenham HotspurEngland42112018
81%
Celtic FCScotland43012023
78%
RB LeipzigGermany42112024
78%
Shakhtar DonetskUkraine85122023
78%
PSV EindhovenNetherlands41301989
77%
SS LazioItaly42202008
77%
Bayer LeverkusenGermany74212005
76%
CSKA MoscowRussia41122019
73%
Club BruggeBelgium41212020
72%
ZenitRussia22002009
72%
RSC AnderlechtBelgium64112002
71%
Sparta PragueCzech Republic22002002
70%
Rangers FCScotland22001964
69%
Schalke 04Germany43012015
69%
VfL WolfsburgGermany21012016
69%
AS MonacoFrance21012004
65%
Atalanta BCItaly22002021
65%
SC BragaPortugal22002024
65%
Red Star BelgradeSerbia21011987
63%
BSC Young BoysSwitzerland21011987
61%
Dinamo ZagrebCroatia22002012
61%
FC CopenhagenDenmark22002014
61%
Malmö FFSweden22002016
61%
APOELCyprus44002018
60%
FC BaselSwitzerland22002015
60%
Union BerlinGermany22002024
58%
Valencia CFSpain11002000
57%
Spartak MoscowRussia83232001
56%
Borussia MönchengladbachGermany41302021
55%
FeyenoordNetherlands21011966
55%
Steaua BucharestRomania22002007
54%
Sheriff TiraspolMoldova21012022
53%
Legia WarsawPoland21102017
52%
KRC GenkBelgium21102003
51%
Rapid WienAustria53021969
51%
AC FiorentinaItaly11001957
50%
Werder BremenGermany21012008
49%
FK PartizanSerbia53112004
48%
Lokomotiv MoscowRussia42112003
48%
AEK AthensGreece20202003
46%
BesiktasTurkey21101959
45%
Eintracht FrankfurtGermany11001960
45%
Hamburger SVGermany21011980
45%
PanathinaïkosGreece21102002
45%
FC ZurichSwitzerland22002010
44%
SevillaSpain21101958
44%
Stade de ReimsFrance22001959
42%
Leeds UnitedEngland22002001
41%
MoldeNorway22002000
41%
RosenborgNorway65012006
40%
Viktoria PlzenCzech Republic22002019
37%
Ludogorets RazgradBulgaria22002015
35%
AJ AuxerreFrance22002011
34%
BATE BorisovBelarus22002009
34%
Standard LiègeBelgium42021970
33%
OGC NiceFrance43011960
31%
Grasshopper ZurichSwitzerland43011996
30%
FerencvarosHungary21101996
28%
Royal AntwerpBelgium22001958
28%
Sturm GrazAustria22001999
23%
Dinamo BucharestRomania43011976
15%
Levski SofiaBulgaria22001980
13%
Derby CountyEngland21011976
12%
1860 MunichGermany21011967
11%
Olympiakos NicosiaCyprus22001970
11%
AEL LimassolCyprus22001969
10%
B 1909 OdenseDenmark44001965
10%
Budapest HonvédHungary22001981
10%
OB OdenseDenmark22001991
10%
Wiener Sport-ClubAustria21101959
10%
Servette FCSwitzerland22001956
8%
Spora LuxembourgLuxembourg22001990
8%
Kilmarnock FCScotland21101966
7%
Jeunesse d'EschLuxembourg22001960
6%
Dukla PragueCzech Republic21101965
4%
Gornik ZabrzePoland22001989
3%
Limerick FCIreland22001981
3%
Moss FKNorway22001989
3%
Stal MielecPoland22001977
3%
Swarowski TirolAustria21101991
3%
Vasas SCHungary21011958
3%
FC Arges PitestiRomania21011973
2%
Progrès NiederkornLuxembourg22001979
2%
Hvidovre IFDenmark21101968
1%
IBK KeflavíkIceland22001973
1%

Score Distribution

Percentile by Number Answered

Percent of People with Each Score

Your Score History

You have not taken this quiz since the last reset